Indice de acuerdos -Tomados en las sesiones celebradas por el Consejo Agropecuario Nacional, 1978

Uloženo v:
Podrobná bibliografie
Korporativní autor: Costa Rica. Ministerio de Agricultura y Ganadería. Consejo Agropecuario Nacional
Médium: Text
Vydáno: San José: El Consejo
Témata:
Tagy: Přidat tag
Žádné tagy, Buďte první, kdo vytvoří štítek k tomuto záznamu!

MARC

LEADER 00000 a a2200000 04500
001 18227
003
040 |a CRAI/IIS  |c CRAI/IIS 
090 |a 023400  
110 |a Costa Rica. Ministerio de Agricultura y Ganadería. Consejo Agropecuario Nacional  
245 |a Indice de acuerdos -Tomados en las sesiones celebradas por el Consejo Agropecuario Nacional, 1978  
260 |a San José:   |b El Consejo  
300 |a 28 p.  
650 |a ASPECTOS AGRICOLAS  
999 |c 3938  |d 3938